000
00362nam a2200133Ia 4500
008
231129s9999||||xx |||||||||||||| ||spa||
020
_a
84-01-33117-X
040
_b
spa
082
_a
956.94 G527e
100
_a
Gironella Jose Maria
245
0
_a
El escandalo de Tierra Santa
264
_a
Plaza y Janes
942
_2
ddc
_c
BKS
999
_c
10989
_d
10989